Fintech, Inclusive Growth and Cyber Risks : Focus on the MENAP and CCA Regions /

Financial technology (fintech) is emerging as an innovative way to achieve financial inclusion and the broader objective of inclusive growth. Thus far, fintech in the MENAP and CCA remains below potential with limited impact on financial inclusion. This paper reviews the fintech landscape in the MEN...

Disgrifiad llawn

Manylion Llyfryddiaeth
Prif Awdur: Lukonga, Inutu
Fformat: Cylchgrawn
Iaith:English
Cyhoeddwyd: Washington, D.C. : International Monetary Fund, 2018.
Cyfres:IMF Working Papers; Working Paper ; No. 2018/201
Mynediad Ar-lein:Full text available on IMF
LEADER 01523cas a2200241 a 4500
001 AALejournalIMF018741
008 230101c9999 xx r poo 0 0eng d
020 |c 5.00 USD 
020 |z 9781484374900 
022 |a 1018-5941 
040 |a BD-DhAAL  |c BD-DhAAL 
100 1 |a Lukonga, Inutu. 
245 1 0 |a Fintech, Inclusive Growth and Cyber Risks :   |b Focus on the MENAP and CCA Regions /  |c Inutu Lukonga. 
264 1 |a Washington, D.C. :  |b International Monetary Fund,  |c 2018. 
300 |a 1 online resource (51 pages) 
490 1 |a IMF Working Papers 
500 |a <strong>Off-Campus Access:</strong> No User ID or Password Required 
500 |a <strong>On-Campus Access:</strong> No User ID or Password Required 
506 |a Electronic access restricted to authorized BRAC University faculty, staff and students 
520 3 |a Financial technology (fintech) is emerging as an innovative way to achieve financial inclusion and the broader objective of inclusive growth. Thus far, fintech in the MENAP and CCA remains below potential with limited impact on financial inclusion. This paper reviews the fintech landscape in the MENAP and CCA regions, identifies the constraints to the growth of fintech and its contribution to inclusive growth and considers policy options to unlock the potential. 
538 |a Mode of access: Internet 
830 0 |a IMF Working Papers; Working Paper ;  |v No. 2018/201 
856 4 0 |z Full text available on IMF  |u http://elibrary.imf.org/view/journals/001/2018/201/001.2018.issue-201-en.xml  |z IMF e-Library